Deploying and managing IP over WDM networks (Record no. 55183)
[ view plain ]
| 000 -LEADER | |
|---|---|
| fixed length control field | 01452nam a2200361Ia 4500 |
| 245 00 - TITLE STATEMENT | |
| Title | Deploying and managing IP over WDM networks |
| 260 ## - PUBLICATION, DISTRIBUTION, ETC. (IMPRINT) | |
| Place of publication | Boston : |
| Name of publisher | Artech House, |
| Year of publication | c2003. |
| 300 ## - PHYSICAL DESCRIPTION | |
| Number of Pages | xxiii, 288 p. : |
| Other physical details | ill. |
| 490 1# - SERIES STATEMENT | |
| Series statement | Artech House telecommunications library |
| 500 ## - GENERAL NOTE | |
| General note | Presents the results of the IST-WINMAN Project. |
| 650 #0 - SUBJECT ADDED ENTRY--TOPICAL TERM | |
| Topical Term | Wavelength division multiplexing. |
| Topical Term | Wireless communication systems |
| Topical Term | TCP/IP (Computer network protocol) |
| 700 1# - ADDED ENTRY--PERSONAL NAME | |
| Personal name | Serrat, Joan. |
| Personal name | Galis, Alex. |
| 856 40 - ELECTRONIC LOCATION AND ACCESS | |
| Uniform Resource Identifier | http://site.ebrary.com/lib/rucke/Doc?id=10082026 |
No items available.
